[Event "Mont de Marsan op 9th"]
[Site "Mont de Marsan"]
[Date "2012.12.28"]
[Round "5"]
[White "Vivier, Theo"]
[Black "Soubielle, Baptiste"]
[Result "1-0"]
[WhiteElo "1914"]
[BlackElo "1760"]
[PlyCount "43"]
[EventDate "2012.12.27"]
[EventType "swiss"]
[EventRounds "9"]
[EventCountry "FRA"]
[SourceTitle "CBM 152 Extra"]
[Source "ChessBase"]
[SourceDate "2013.02.25"]
[SourceVersion "1"]
[SourceVersionDate "2013.02.25"]
[SourceQuality "1"]

1. e4 d5 2. exd5 Qxd5 3. Nc3 Qa5 4. d4 c6 5. Nf3 Nf6 6. Bd2 Qd8 7. Bc4 Bg4 8. Bxf7+ Kxf7 9. Ne5+ Kg8 10. Nxg4 Qxd4 11. Nxf6+ exf6 12. Qe2 Qe5 13. Be3 Bb4 14. Qc4+ Qd5 15. Qxb4 Qxg2 16. Qc4+ Kf8 17. Bc5+ Ke8 18. Qe6+ Kd8 19. 0-0-0+ Kc7 20. Qe7+ Kc8 21. Ne4 Qh3 22. Nd6# 1-0

[Event "Mont de Marsan op 6th"]
[Site "Mont de Marsan"]
[Date "2006.12.27"]
[Round "3"]
[White "Lutz, Andre"]
[Black "Vivier, Theo"]
[Result "0-1"]
[WhiteElo "1310"]
[BlackElo "1540"]
[PlyCount "54"]
[EventDate "2006.12.26"]
[EventType "swiss"]
[EventRounds "9"]
[EventCountry "FRA"]
[SourceTitle "CBM 116 Extra"]
[Source "ChessBase"]
[SourceDate "2007.03.07"]
[SourceVersion "1"]
[SourceVersionDate "2007.03.07"]
[SourceQuality "1"]

1. c4 e6 2. Nc3 d5 3. e3 c5 4. d4 Nf6 5. Nf3 Nc6 6. a3 Be7 7. Be2 dxc4 8. Bxc4 0-0 9. 0-0 a6 10. dxc5 Bxc5 11. b4 Be7 12. Bb2 b5 13. Ba2 Bb7 14. Re1 Qc7 15. Qe2 Bd6 16. h3 Rfc8 17. Nd1 Ne5 18. Nxe5 Bxe5 19. Rc1 Qd6 20. Bxe5 Qxe5 21. Nb2 Nd5 22. Rc5 Rxc5 23. bxc5 Nc3 24. Qd2 Nxa2 25. Rd1 Qxc5 26. Ra1 Qd5 27. Qd3 Qxg2# 0-1

[Event "Mont de Marsan op"]
[Site "Mont de Marsan"]
[Date "2005.12.28"]
[Round "5"]
[White "Vivier, Theo"]
[Black "Dubos, Patricia"]
[Result "1-0"]
[WhiteElo "1620"]
[BlackElo "1280"]
[PlyCount "47"]
[EventDate "2005.12.26"]
[EventType "swiss"]
[EventRounds "7"]
[EventCountry "FRA"]
[SourceTitle "CBM 110 Extra"]
[Source "ChessBase"]
[SourceDate "2006.03.10"]
[SourceVersion "2"]
[SourceVersionDate "2006.03.10"]
[SourceQuality "1"]

1. e4 e5 2. Nf3 Nc6 3. Bb5 Nf6 4. 0-0 Nxe4 5. Bxc6 bxc6 6. Re1 d5 7. d3 Nd6 8. Nxe5 Be7 9. Nxc6 Be6 10. Nxd8 Rxd8 11. Qe2 0-0 12. Nd2 c6 13. Nb3 Nf5 14. Bd2 h6 15. Rad1 Bd6 16. a3 Rfe8 17. Ba5 Bd7 18. Qd2 Rc8 19. Rxe8+ Rxe8 20. Re1 g5 21. Rxe8+ Bxe8 22. Qe1 Ng7 23. Bc3 Bf8 24. Bxg7 1-0